| 000 | 00802nam a2200277Ia 4500 | ||
|---|---|---|---|
| 005 | 20210727153042.0 | ||
| 008 | 121119s2003 ck gr 000 0 spa | ||
| 020 | _a958600581X | ||
| 041 | 0 | _aspa | |
| 082 | 0 | 4 |
_a731.42 _bA48F |
| 100 | 1 | _aÁlvarez, Edgar Humberto | |
| 245 | 1 | 0 |
_aFantasía _cEdgar Humberto Álvarez |
| 250 | _aPrimera edición | ||
| 300 | _a64 páginas | ||
| 490 | 0 | _aLa magia de la plastilina | |
| 650 | 1 | 4 |
_aManualidades _2LEMB |
| 650 | 1 | 4 |
_aTrabajos manuales _2LEMB |
| 650 | 1 | 4 |
_aPlastilina _2LEMB |
| 650 | 1 | 4 |
_aModelado _xEnseñanza _2LEMB |
| 942 |
_2ddc _cBK |
||
| 264 |
_aBogotá _bMcGraw-Hill _c2003 |
||
| 336 |
_atexto _btxt _2rdacontent |
||
| 337 |
_asin mediación _bn _2rdamedia |
||
| 338 |
_avolumen _bnc _2rdacarrier |
||
| 040 |
_aCO-BoRNBP _bspa _erda _cCO-BoRNBP |
||
| 999 |
_c1513 _d1513 |
||